000 00596nam a2200217Ia 4500
003 OSt
005 20220925225921.0
006 a|||||r|||| 00| 0
007 ta
008 220923b |||||||| |||| 00| 0 eng d
037 _cGeneral Book
040 _aRTL
_cRTL
_beng
041 _2eng
_aeng
082 _aU18:M95(D:28)n1,N86
245 0 _aREMOTE SENSING yearbook Ed by Arthur Cracknell an
260 _aLondon
_bTaylor & Francis UK
_c1986
300 _a390p.
_ccm.
650 _aGeography
942 _hU18:M95(D:28)n1,N86
_cGB
_2CC
999 _c584398
_d584398